Денежная реформа 1947 года и ее роль в восстановлении народного хозяйства СССР (Запись № 11626421)

Подробности
000 -МАРКЕР
контрольное поле 02878nam0a2200397 4500
001 - ИДЕНТИФИКАТОР ЗАПИСИ
контрольное поле RU\NLR\BIBL_A\012380753
005 - ИДЕНТИФИКАТОР ВЕРСИИ
контрольное поле 20260408212311.0
010 ## - МЕЖДУНАРОДНЫЙ СТАНДАРТНЫЙ НОМЕР КНИГИ (ISBN)
Номер (ISBN) 978-5-406-05348-5
Тираж 500
035 ## - ДРУГИЕ СИСТЕМНЫЕ НОМЕРА
Идентификатор записи (NLR Aleph) 012380753
100 ## - ДАННЫЕ ОБЩЕЙ ОБРАБОТКИ
Данные общей обработки 20201019d2021 k y0rusy50 ca
101 0# - ЯЗЫК РЕСУРСА
Язык текста, звукозаписи и т.д. русский
-- английский
102 ## - СТРАНА ПУБЛИКАЦИИ ИЛИ ПРОИЗВОДСТВА
Страна публикации Российская Федерация
105 ## - ПОЛЕ КОДИРОВАННЫХ ДАННЫХ: ТЕКСТОВЫЕ МАТЕРИАЛЫ, МОНОГРАФИЧЕСКИЕ
Кодированные данные о монографическом текстовом документе ach|z|||010zy
181 #0 - ПОЛЕ КОДИРОВАННЫХ ДАННЫХ: ВИД СОДЕРЖАНИЯ
Код вида содержания (ISBD) i
Код характеристики содержания (ISBD) axxe
182 #0 - ПОЛЕ КОДИРОВАННЫХ ДАННЫХ: ТИП СРЕДСТВА
Код типа средства (ISBD) n - непосредственное
200 1# - ЗАГЛАВИЕ И СВЕДЕНИЯ ОБ ОТВЕТСТВЕННОСТИ
Основное заглавие Денежная реформа 1947 года и ее роль в восстановлении народного хозяйства СССР
Сведения, относящиеся к заглавию коллективная монография, [которая обобщила материалы VII научно-практической конференции "Денежная реформа 1947 года и ее роль в восстановлении народного хозяйства СССР", проведенной 7 декабря 2017 г. к 70-летию денежной реформы 1947 г.
Первые сведения об ответственности [Алленых М.А., к.э.н., доц., Альтман М.М., к.ист.н., Безсмертная Е.Р., к.э.н. и др.]
Последующие сведения об ответственности под редакцией Р.М. Нуреева, М.А. Эскиндарова
-- Финансовый университет при Правительстве Российской Федерации
203 ## - ВИД СОДЕРЖАНИЯ И ТИП СРЕДСТВА
Вид содержания Текст
Дополнительные сведения об издании визуальный
Тип средства непосредственный
210 ## - ПУБЛИКАЦИЯ, РАСПРОСТРАНЕНИЕ И ДР.
Место издания, распространения и т.д. Москва
Имя издателя, распространителя и т. д. КноРус
Дата издания, распространения и т.д. 2021
215 ## - ФИЗИЧЕСКАЯ ХАРАКТЕРИСТИКА
Специфическое обозначение материала и объем 321 с.
Другие сведения о физической характеристике ил., цв. ил., портр., факс.
Размеры 22
300 ## - ОБЩИЕ ПРИМЕЧАНИЯ
Текст примечания Авт. указаны на с. 309-311
300 ## - ОБЩИЕ ПРИМЕЧАНИЯ
Текст примечания Часть текста англ.
320 ## - ПРИМЕЧАНИЯ О НАЛИЧИИ В ДОКУМЕНТЕ БИБЛИОГРАФИИ / УКАЗАТЕЛЯ
Текст примечания Библиогр. в подстроч. примеч.
606 ## - НАИМЕНОВАНИЕ ТЕМЫ КАК ПРЕДМЕТ
Наименование темы Денежные реформы
Географический подзаголовок СССР
Хронологический подзаголовок 1947
Идентификатор авторитетной/нормативной записи RU\NLR\AUTH\6601655165
Системный номер авторитетной/нормативной записи 2410000
686 1# - ИНДЕКСЫ ДРУГИХ КЛАССИФИКАЦИЙ
Индекс У26(2)26-183
701 #1 - ИМЯ ЛИЦА - АЛЬТЕРНАТИВНАЯ ОТВЕТСТВЕННОСТЬ
Начальный элемент ввода Алленых
Часть имени, кроме начального элемента ввода М. А.
Расширение инициалов личного имени Марина Анатольевна
701 #1 - ИМЯ ЛИЦА - АЛЬТЕРНАТИВНАЯ ОТВЕТСТВЕННОСТЬ
Материалы, к которым относится поле rus
Графика поля Кириллица
Начальный элемент ввода Альтман
Часть имени, кроме начального элемента ввода М. М.
Расширение инициалов личного имени Мария Михайловна
Идентификатор авторитетной/нормативной записи RU\NLR\AUTH\7781662
Системный номер авторитетной/нормативной записи 64590
701 #1 - ИМЯ ЛИЦА - АЛЬТЕРНАТИВНАЯ ОТВЕТСТВЕННОСТЬ
Начальный элемент ввода Безсмертная
Часть имени, кроме начального элемента ввода Е. Р.
Расширение инициалов личного имени Екатерина Рэмовна
702 #1 - ИМЯ ЛИЦА - ВТОРИЧНАЯ ОТВЕТСТВЕННОСТЬ
Код отношения Редактор
Материалы, к которым относится поле rus
Графика поля Кириллица
Начальный элемент ввода Нуреев
Часть имени, кроме начального элемента ввода Р. М.
Даты 1950-
Расширение инициалов личного имени Рустем Махмутович
Идентификатор авторитетной/нормативной записи RU\NLR\AUTH\7752704
Системный номер авторитетной/нормативной записи 35637
711 12 - НАИМЕНОВАНИЕ ОРГАНИЗАЦИИ - АЛЬТЕРНАТИВНАЯ ОТВЕТСТВЕННОСТЬ
Начальный элемент ввода "Денежная реформа 1947 года и ее роль в восстановлении народного хозяйства", научно-практическая конференция
Порядковый номер временной организации и / или порядковый номер ее части 7
Место проведения временной организации Москва
Дата проведения временной организации 2017
Системный номер авторитетной/нормативной записи 740040
Идентификатор авторитетной/нормативной записи RU\NLR\AUTH\880538273
712 02 - НАИМЕНОВАНИЕ ОРГАНИЗАЦИИ - ВТОРИЧНАЯ ОТВЕТСТВЕННОСТЬ
Код отношения Организатор конференции
Начальный элемент ввода Финансовый университет при Правительстве Российской Федерации
Идентифицирующий признак Москва
Идентификатор авторитетной/нормативной записи RU\NLR\AUTH\8810171129
Системный номер авторитетной/нормативной записи 838093
942 ## - ДОПОЛНИТЕЛЬНЫЕ ЭЛЕМЕНТЫ ЗАПИСИ (АБИС)
Тип экземпляра АБИС Книга
980 ## - КОЛЛЕКЦИЯ
Название коллекции Национальная библиография
Экземпляры
Тип экземпляра Дата поступления Источник поступления Стоимость Библиотека постоянного хранения Библиотека текущего хранения Место хранения Шифр хранения Штрих-код Статус экземпляра
Книга 19.10.2020 Покупка 1165.00 РНБ (Московский) РНБ (Московский) Русский книжный фонд: издания с 1957 года 2021-5/1847 1-3320203